V C avara belebaluva barahagalu (Record no. 149670)
[ view plain ]
| 000 -LEADER | |
|---|---|
| fixed length control field | 00741nam a2200253Ia 4500 |
| 003 - CONTROL NUMBER IDENTIFIER | |
| control field | OSt |
| 005 - DATE AND TIME OF LATEST TRANSACTION | |
| control field | 20250725121211.0 |
| 008 - FIXED-LENGTH DATA ELEMENTS--GENERAL INFORMATION | |
| fixed length control field | 210210b2012 xxu||||| |||| 00| 0 eng d |
| 040 ## - CATALOGING SOURCE | |
| Transcribing agency | AL |
| 041 ## - LANGUAGE CODE | |
| Language code of text/sound track or separate title | Kannada |
| 082 ## - DEWEY DECIMAL CLASSIFICATION NUMBER | |
| Classification number | K894.8 AMUV |
| 100 ## - MAIN ENTRY--PERSONAL NAME | |
| Personal name | AMURA (G S) Ed |
| Dates associated with a name | ಅಮೂರ (ಜಿ ಎಸ್) |
| 9 (RLIN) | 220111 |
| 245 ## - TITLE STATEMENT | |
| Title | V C avara belebaluva barahagalu |
| Remainder of title | ವಿ ಸಿ ಅವರ ಬೆಲೆಬಾಳುವ ಬರಹಗಳು |
| 260 ## - PUBLICATION, DISTRIBUTION, ETC. | |
| Place of publication, distribution, etc. | BengaLuru |
| Name of publisher, distributor, etc. | Vasanta Prakashana |
| Date of publication, distribution, etc. | 2012 |
| 300 ## - PHYSICAL DESCRIPTION | |
| Extent | xxii,243 |
| 650 ## - SUBJECT ADDED ENTRY--TOPICAL TERM | |
| Topical term or geographic name entry element | Vi |
| 9 (RLIN) | 220112 |
| 650 ## - SUBJECT ADDED ENTRY--TOPICAL TERM | |
| Topical term or geographic name entry element | si |
| 9 (RLIN) | 220113 |
| 650 ## - SUBJECT ADDED ENTRY--TOPICAL TERM | |
| Topical term or geographic name entry element | belebALuva |
| 9 (RLIN) | 220114 |
| 650 ## - SUBJECT ADDED ENTRY--TOPICAL TERM | |
| Topical term or geographic name entry element | barahagaLu |
| 9 (RLIN) | 220115 |
| 650 ## - SUBJECT ADDED ENTRY--TOPICAL TERM | |
| Topical term or geographic name entry element | avara |
| 9 (RLIN) | 220116 |
| 690 ## - LOCAL SUBJECT ADDED ENTRY--TOPICAL TERM (OCLC, RLIN) | |
| Topical term or geographic name as entry element | Kannada Collections |
| 9 (RLIN) | 220117 |
| 906 ## - LOCAL DATA ELEMENT F, LDF (RLIN) | |
| a | 067341 |
| 942 ## - ADDED ENTRY ELEMENTS (KOHA) | |
| Source of classification or shelving scheme | Dewey Decimal Classification |
| Koha item type | Book |
| Withdrawn status | Lost status | Source of classification or shelving scheme | Damaged status | Not for loan | Collection code | Home library | Current library | Shelving location | Date acquired | Source of acquisition | Cost, normal purchase price | Total Checkouts | Full call number | Barcode | Date last seen | Price effective from | Koha item type |
|---|---|---|---|---|---|---|---|---|---|---|---|---|---|---|---|---|---|
| Dewey Decimal Classification | Kannada | St Aloysius Library | St Aloysius Library | 02/17/2021 | Navasiri Prakashana, Mangalore | 160.00 | K894.8 AMUV | 067341 | 02/17/2021 | 02/17/2021 | Book |